La Joconde parle enfin / (Record no. 137142)

MARC details
000 -CABECERA
campo de control de longitud fija 01506cam a2200325 i 4500
001 - NÚMERO DE CONTROL
campo de control 991061720872706706
003 - IDENTIFICADOR DEL NÚMERO DE CONTROL
campo de control ES-BaIT
005 - FECHA Y HORA DE LA ÚLTIMA TRANSACCIÓN
campo de control 20260225123541.0
008 - DATOS DE LONGITUD FIJA--INFORMACIÓN GENERAL
campo de control de longitud fija 250130e202412 fr rb 000 1 fre d
020 ## - NÚMERO INTERNACIONAL ESTÁNDAR DEL LIBRO
Número Internacional Estándar del Libro 9782749816531
040 ## - FUENTE DE LA CATALOGACIÓN
Centro catalogador/agencia de origen ES-BaIT
Lengua de catalogación cat
Normas de descripción rda
Centro/agencia transcriptor ES-BaIT
080 ## - NÚMERO DE LA CLASIFICACIÓN DECIMAL UNIVERSAL
Número de la Clasificación Decimal Universal 840-2"19"
100 1# - ENTRADA PRINCIPAL--NOMBRE DE PERSONA
Nombre de persona Ruquier, Laurent
Término indicativo de función/relación autor
9 (RLIN) 168700
245 13 - MENCIÓN DE TÍTULO
Título La Joconde parle enfin /
Mención de responsabilidad, etc. Laurent Ruquier
264 #1 - PRODUCCIÓN, PUBLICACIÓN, DISTRIBUCIÓN, FABRICACIÓN Y COPYRIGHT
Producción, publicación, distribución, fabricación y copyright Paris :
Nombre del de productor, editor, distribuidor, fabricante L'avant-scène théatre,
Fecha de producción, publicación, distribución, fabricación o copyright décembre 2024
300 ## - DESCRIPCIÓN FÍSICA
Extensión 59 pàgines ;
Dimensiones 21 cm
336 ## - TIPO DE CONTENIDO
Término de tipo de contenido text
Código de tipo de contenido txt
Fuente rdacontent
337 ## - TIPO DE MEDIO
Nombre/término del tipo de medio sense mediació
Código del tipo de medio n
Fuente rdamedia
338 ## - TIPO DE SOPORTE
Nombre/término del tipo de soporte volum
Código del tipo de soporte nc
Fuente rdacarrier
490 1# - MENCIÓN DE SERIE
Mención de serie L'Avant-scène théatre ;
Designación de volumen o secuencia no 1565
500 ## - NOTA GENERAL
Nota general P1: D1
500 ## - NOTA GENERAL
Nota general Publicat com no 1565 (décembre 2024) de la revista L'Avant-scène théâtre
500 ## - NOTA GENERAL
Nota general Estrena l'1 de febrer de 2024
504 ## - NOTA DE BIBLIOGRAFÍA, ETC.
Nota de bibliografía, etc. Inclou referències bibliogràfiques
520 ## - SUMARIO, ETC.
Sumario, etc. "Après des siècles de silence... La Joconde parle enfin et nous raconte sa vie, de sa création par Léonard de Vinci jusqu'à sa présence aujourd'hui au musée du Louvre. Le plus illustre tableau du monde se dévoile ainsi, démontrant que les célébrités sont souvent plus méconnues qu'on ne le pense. Les anecdotes s'enchaînent dans un monologue bondissant, reliant les petites histoires à la grande. Una Mona Lisa magistrale, saluée par la critique"-- Contracoberta
830 ## - PUNTO DE ACCESO ADICIONAL DE SERIE-TÍTULO UNIFORME
Título uniforme Avant-scène.
Nombre de parte o sección de la obra Théâtre
Designación de volumen o secuencia no 1565
9 (RLIN) 168170
908 ## - COLOCAR PARÁMETRO DE COMANDO (RLIN)
Colocar parámetro de comando CDMAE
940 ## - EQUIVALENCIA O REFERENCIA-CRUZADA--TÍTULO UNIFORME [OBSOLETO] [solamente CAN/MARC]
Título uniforme <a href="CDMAE">CDMAE</a>
942 ## - ELEMENTOS DE ENTRADA AGREGADA (KOHA)
Fuente del sistema de clasificación o colocación Clasificación decimal universal
Tipo de ítem Koha Llibre
Holdings
Estado de retiro Estado de pérdida Fuente del sistema de clasificación o colocación Estado dañado No para préstamo Localización permanente Ubicación/localización actual Ubicación en estantería Fecha de adquisición Fuente de adquisición Total de préstamos Signatura topográfica completa Código de barras Fecha visto por última vez Precio válido a partir de Tipo de ítem Koha
    Clasificación decimal universal     Biblioteca Barcelona Biblioteca Barcelona BCN Magatzem Revistes 25/02/2026 Compra   S 143-06 1900089872 25/02/2026 19/02/2026 Llibre

Powered by Koha